00731 a2200229 4500999001900000001000600019003000500025005001700030008004100047020001800088040000900106082001700115100002600132245010900158250000800267260002600275300001000301500002300311650003600334942001200370952011900382 c331127d33112786247NUST20180116120633.0170915b xxu||||| |||| 00| 0 eng d a9781842126080 cNUST a297.63 bARM aKaren Armstrong94608 aMuhammad : a biography of the Prophet (controversial book placed in closed shelve) /cby Karen Armstrong a1st aLondonbPhoenixc2001 a290p. aGeneral Collection aSeerat un Nabi- Biography93111 cBK2ddc 00102ddc40708NFICaCLbCLcISLd2017-09-15l5m4o297.63 ARMpCL56r2023-06-01s2022-10-03t1w2017-09-15yBK